000 01240nam a22002537a 4500
005 20170124103142.0
010 _aB-105010
020 _c300.00
_a8170166403
035 _aB-105010
037 _bCen Lib/Ret
040 _aDPL
_bHN
082 _a823
_bमंजुल
245 _aमंजुल भगत समग्र कथा साहित्य (1) :
_cसंपादक कमल किशोर गोयनका
_bसम्पूर्ण उपन्यास /
246 _aManjul bhagat samagr katha sahiitya (1) : sampuran upanyas
_bsampadak Kamal Kishor Goynka
260 _aनई दिल्ली
_bकिताबघर प्रकाशन
_c2004
270 _a24, अंसारी रोड दरिया गंज
_bनई दिल्ली
_e110002
300 _a303पृष्ठ.
_c21सेमी(सजिल्द)
650 _aहिंदी साहित्य
_985517
650 _aहिंदी उपन्यास - मंजुल भगत
_985518
650 _ahindi literature
_985519
650 _aHindi novel - Manjul Bhagat
_985520
700 _aगोयनका, कमल किशोर
_946872
942 _2ddc
_cHN
_h823
_mमंजुल
999 _c119548
_d119548